| 000 | 00569nam a2200169Ia 4500 | ||
|---|---|---|---|
| 999 |
_c17032 _d17032 |
||
| 082 | _aRS 0744 | ||
| 100 | _aSharma, Mridula | ||
| 245 | 0 |
_aMicro finance for income generation for livelihood: _ba comparative study of non-profit making NGOs, SBLP and for profit |
|
| 260 |
_c2015 _bIndian Council of Social Science Research, New Delhi |
||
| 300 | _axiv, 155p | ||
| 504 | _aIncludes: Bibliography | ||
| 650 |
_aIncome generation _vlivelihood |
||
| 650 |
_aSBLP and MFI _vNGO |
||
| 650 |
_aMicro finance _zIndia |
||
| 700 | _aRamasubraminam, Hemlata | ||
| 942 |
_cRP _2ddc |
||